Statistics for Biggest Cities by Trait #1

Click here to take the quiz!

General Stats

  • This quiz has been taken 39,719 times
  • The average score is 14 of 24

Answer Stats

Biggest CityPopulationAnswer% Correct
in the United States22.2 milNew York City
94%
that is a national capital39.9 milTokyo
93%
in Florida6.25 milMiami
88%
in Australia5.00 milSydney
88%
in Europe17.0 milMoscow
84%
in Scandinavia2.15 milStockholm
78%
in Africa18.2 milLagos or Cairo
76%
on the Iberian peninsula6.35 milMadrid
76%
on the Great Lakes9.75 milChicago
74%
above 5,000 ft of elevation22.6 milMexico City
69%
in South America22.1 milSão Paulo
69%
in Indochina18.4 milBangkok
56%
below 30° South16.1 milBuenos Aires
54%
in the world45.6 milGuangzhou
54%
on the US/Canada border5.70 milDetroit
50%
in the British Midlands3.10 milBirmingham
48%
in Central America3.10 milGuatemala City
42%
founded after 19503.98 milBrasilia
34%
on a Mediterranean island0.855 milPalermo
34%
above 60° North1.27 milHelsinki
32%
above 10,000 ft of elevation2.03 milLa Paz
32%
on the Caribbean Sea3.83 milSanto Domingo
29%
on the Yucatan peninsula1.11 milMérida
15%
above the Arctic Circle0.299 milMurmansk
14%

Score Distribution

Percentile by Number Answered

Percent of People with Each Score

Your Score History

You have not taken this quiz